Science and the social order

Na minha lista:
Detalhes bibliográficos
Autor principal: Barber, Bernard
Formato: Livro
Idioma:Undetermined
Publicado em: London George Allen And Unwin 1953
Assuntos:
Tags: Adicionar Tag
Sem tags, seja o primeiro a adicionar uma tag!
Thư viện lưu trữ: Trung tâm Học liệu Trường Đại học Cần Thơ
LEADER 00493nam a2200193Ia 4500
001 CTU_85201
008 210402s9999 xx 000 0 und d
082 |a 301 
082 |b B234 
100 |a Barber, Bernard 
245 0 |a Science and the social order 
245 0 |c Bernard Barber 
260 |a London 
260 |b George Allen And Unwin 
260 |c 1953 
650 |a Science 
650 |x Social aspects 
904 |i Năm 
980 |a Trung tâm Học liệu Trường Đại học Cần Thơ